[Event "Paris op"]
[Site "Paris"]
[Date "1998.??.??"]
[Round "5"]
[White "Licayan, Albert"]
[Black "Koulitchenko, Alexandre"]
[Result "1-0"]
[WhiteElo "2110"]
[BlackElo "2160"]

1.d4 Nf6 2.Bg5 Ne4 3.Bf4 d5 4.f3 Nf6 5.c4 e6 6.Nc3 c6 7.e4 dxe4 8.fxe4 Bb4
9.Qd3 Qa5 10.Bd2 e5 11.d5 Na6 12.Qg3 O-O 13.Bd3 Nc5 14.Bc2 b5 15.Nge2 Bg4
16.Rf1 Bxe2 17.Rxf6 Kh8 18.Rxc6 Bxc4 19.Rxc5 Bxc5 20.b3 b4 21.bxc4 bxc3 22.Bxc3 Bb4
23.Kd2 f6 24.a3 Bxc3+ 25.Qxc3 Qc5 26.Qd3 Qf2+ 27.Kc3 Qxg2 28.Qg3 Qxg3+ 29.hxg3 Kg8
30.c5 Rfc8 31.Kc4 Rab8 32.d6 Kf8 33.Ba4 Rd8 34.Rd1 Kf7 35.c6 Ke6 36.d7 h5
37.c7 Rdc8 38.dxc8=Q+ Rxc8 39.Bd7+  1-0

[Event "Paris op"]
[Site "Paris"]
[Date "1998.??.??"]
[Round "6"]
[White "Large, Laurent"]
[Black "Grigore, George"]
[Result "0-1"]
[WhiteElo "2295"]
[BlackElo "2475"]

1.d4 Nf6 2.Bg5 Ne4 3.Bf4 c5 4.f3 Qa5+ 5.c3 Nf6 6.d5 Qb6 7.Qc1 g6 8.e4 d6
9.Na3 Bg7 10.Nc4 Qc7 11.a4 O-O 12.Be3 b6 13.Qd2 Re8 14.Bd3 e6 15.Bf4 Bf8
16.dxe6 Bxe6 17.Ne2 Nc6 18.O-O Ne5 19.Ne3 Qb7 20.Bg5 Be7 21.Nf4 Rad8 22.Nxe6 fxe6
23.Bxf6 Bxf6 24.f4 Nxd3 25.Qxd3 d5 26.exd5 exd5 27.f5 c4 28.Qd2 Bg5 29.Rae1 Qe7
30.Nxd5 Qc5+  0-1

[Event "Plzen opJ"]
[Site "Plzen"]
[Date "1998.??.??"]
[Round "2"]
[White "Starostits, Andris"]
[Black "Kalod, Radek"]
[Result "0-1"]
[WhiteElo "2140"]
[BlackElo "2435"]

1.d4 Nf6 2.Bg5 Ne4 3.Bf4 g6 4.Be5 Nf6 5.Bxf6 exf6 6.g3 Bg7 7.Bg2 f5 8.e3 O-O
9.Ne2 d6 10.O-O Nd7 11.c4 Nf6 12.Nbc3 c6 13.b4 Re8 14.b5 Ne4 15.bxc6 bxc6
16.Rb1 d5 17.Nxe4 fxe4 18.Qa4 a5 19.cxd5 Ba6 20.Rb2 c5 21.Rd1 Qxd5 22.Nc3 Qf5
23.Qc6 Bd3 24.Nd5 Rac8 25.Qd6 cxd4 26.Rb7 Rc2 27.Nf4 Be5 28.Qd5 Bxf4 29.Qxf5 gxf5
30.gxf4 Be2 31.Rdb1 d3 32.Bf1 Bf3 33.R7b2 Rec8  0-1

[Event "Porto San Giorgio op"]
[Site "Porto San Giorgio"]
[Date "1998.??.??"]
[Round "7"]
[White "Pflug, Matthias"]
[Black "Narciso Dublan, Marc"]
[Result "0-1"]
[WhiteElo "2185"]
[BlackElo "2455"]

1.d4 Nf6 2.Bg5 Ne4 3.Bf4 c5 4.f3 Qa5+ 5.c3 Nf6 6.Nd2 cxd4 7.Nb3 Qd8 8.Nxd4 d6
9.Bg3 e5 10.Nc2 Nc6 11.e4 d5 12.exd5 Qxd5 13.Qxd5 Nxd5 14.O-O-O Be6 15.Bb5 f6
16.Bf2 Nc7 17.Bxc6+ bxc6 18.b3 a5 19.c4 a4 20.Kb2 Rb8 21.Kc3 Na6 22.Ne2 Nb4
23.Nxb4 Bxb4+ 24.Kc2 Ra8 25.Kb2 O-O 26.Be1 Be7 27.Nc3 Rfb8 28.Kc2 axb3+ 29.axb3 Bf5+
30.Kb2 Ba3+ 31.Ka2 Bc2  0-1

[Event "RUS-ch sf"]
[Site "Pskov"]
[Date "1998.??.??"]
[Round "7"]
[White "Fedoseev, Vladimir"]
[Black "Kuzuev, Danil"]
[Result "0-1"]
[WhiteElo "2375"]
[BlackElo "2300"]

1.d4 Nf6 2.Bg5 Ne4 3.Bf4 c5 4.f3 Nf6 5.dxc5 Qa5+ 6.Nc3 Qxc5 7.e4 d6 8.Qd2 a6
9.Bd3 Nc6 10.Nge2 e6 11.Be3 Qa5 12.Nd4 Bd7 13.Nxc6 Bxc6 14.O-O-O Be7 15.Kb1 Nd7
16.h4 Bf6 17.Nd5 Bd8 18.Nb4 Rc8 19.c3 Be7 20.Bg5 f6 21.Be3 Ba4 22.Bc2 Bxc2+
23.Nxc2 Ne5 24.Nd4 Nc4 25.Qf2 Kf7 26.Bc1 Qc5 27.Qe2 b5 28.f4 b4 29.cxb4 Qxb4
30.Ka1 e5 31.fxe5 Nxe5 32.Rh3 Qxd4 33.g4 Qc4 34.Qe1 Nxg4 35.h5 Rhe8 36.Bf4 Bf8
37.Qg1 Ne5 38.Qg2 Qc2  0-1

[Event "Pula op"]
[Site "Pula"]
[Date "1998.??.??"]
[Round "1"]
[White "Draganic, Stjepan"]
[Black "Nikolac, Juraj"]
[Result "0-1"]
[WhiteElo "2165"]
[BlackElo "2435"]

1.d4 Nf6 2.Bg5 Ne4 3.h4 c5 4.d5 Qb6 5.Nd2 Nxd2 6.Bxd2 e5 7.Bc3 d6 8.e4 Nd7
9.Qd3 Be7 10.Be2 Qd8 11.Nf3 Rb8 12.a4 Nf6 13.Nd2 O-O 14.b3 b6 15.Bb2 Ng4
16.Qg3 f5 17.Bxg4 fxg4 18.h5 Bg5 19.Nc4 Rb7 20.Bc1 Bxc1 21.Rxc1 Rbf7 22.O-O Rf4
23.Nd2 Qg5 24.Qh2 g3 25.Qxg3 Rg4 26.f4 Rfxf4 27.Qh3 Rxf1+ 28.Rxf1 Qxd2 29.h6 Qxh6
30.Qf3 Rf4 31.Qd3 Rxf1+ 32.Kxf1 Qf4+ 33.Kg1 a6 34.b4 cxb4 35.Kh1 h5 36.Qc4 Qh4+
37.Kg1 Qe1+ 38.Kh2 Qc3 39.Qe2 Bg4 40.Qxa6 h4 41.Qa8+ Kh7 42.Qd8 Qg3+ 43.Kh1 h3
44.gxh3 Bf3+  0-1

[Event "CRO-chT2J"]
[Site "Pula"]
[Date "1998.??.??"]
[Round "2"]
[White "Paljusaj, Edmond"]
[Black "Filipovic, Marko"]
[Result "1/2-1/2"]
[WhiteElo "2220"]
[BlackElo "2200"]

1.d4 Nf6 2.Bg5 Ne4 3.Bh4 d5 4.Nd2 Bf5 5.e3 c6 6.Ngf3 Qb6 7.Rb1 e6 8.Be2 Bd6
9.O-O O-O 10.Nxe4 Bxe4 11.Bd3 Bxd3 12.Qxd3 Qa6 13.Qxa6 Nxa6 14.Nd2 c5 15.c3 cxd4
16.cxd4 Rfc8 17.a3 Rc2 18.Nb3 Rac8 19.Rbc1 R8c6 20.Rxc2 Rxc2 21.Rb1 f6 22.Bg3 Bxg3
23.hxg3 Kf7 24.Kf1 Ke7 25.Ke1 Kd6  1/2-1/2

[Event "CRO-chT2"]
[Site "Pula"]
[Date "1998.??.??"]
[Round "2"]
[White "Dusper, Hrvoje"]
[Black "Vrban, Mladen"]
[Result "0-1"]
[WhiteElo "2225"]
[BlackElo "2310"]

1.d4 Nf6 2.Bg5 Ne4 3.Bf4 d5 4.e3 Nd7 5.Bd3 Ndf6 6.f3 Nd6 7.Nc3 c6 8.e4 g6
9.e5 Nh5 10.Be3 Nc4 11.Bxc4 dxc4 12.Qd2 Be6 13.Nge2 Qa5 14.Bh6 O-O-O 15.Bxf8 Rhxf8
16.Qh6 Rg8 17.O-O-O Ng7 18.g4 Bd5 19.Rhf1 Ne6 20.f4 Rh8 21.f5 Nc7 22.Qg5 Rde8
23.Qh6 b5 24.a3 b4 25.axb4 Qxb4 26.Nf4 Qa5 27.Kb1 Rd8 28.Nfxd5 Nxd5 29.Nxd5 cxd5
30.Rf3 gxf5 31.gxf5 Qb6 32.Qh4 Qb7 33.Rg1 h6 34.Rg7 Rdf8 35.Qh5 Qb6 36.Qh4 Qb4
37.Qf2 Rhg8 38.Rgg3 Rxg3 39.Rxg3 Kd7 40.Qg1 a5 41.Ra3 Rb8 42.Ra2 c3 43.b3 a4
44.e6+ fxe6 45.fxe6+ Kc6 46.Qd1 axb3 47.cxb3 Qxb3+ 48.Qxb3 Rxb3+ 49.Kc1 Rb4
50.Ra7 Rxd4 51.Rxe7 Re4 52.Kc2 Kd6 53.Ra7 Re3 54.e7 d4 55.Ra4 Kc5 56.Ra7 Kd6
57.Ra4 Kc5 58.Ra5+ Kc4 59.Ra4+ Kc5 60.Ra7 Re2+ 61.Kd3 Re3+ 62.Kc2 h5 63.h4 Kc6
64.Ra4 Re2+ 65.Kd3 Rd2+ 66.Ke4 Kd7 67.Ra7+ Ke8 68.Kd5 c2 69.Rc7 d3 70.Kd6 Re2  0-1

[Event "CRO-chT2"]
[Site "Pula"]
[Date "1998.??.??"]
[Round "7"]
[White "Levacic, Patrick"]
[Black "Bubalovic, Davorin"]
[Result "1/2-1/2"]
[WhiteElo "2365"]
[BlackElo "2375"]

1.d4 Nf6 2.Bg5 Ne4 3.Bf4 c5 4.f3 Nf6 5.dxc5 Qa5+ 6.Nc3 Qxc5 7.e4 d6 8.Qd2 Bd7
9.O-O-O g6 10.g4 Bg7 11.Be3 Qc8 12.Bh6 Bxh6 13.Qxh6 Qc5 14.Nd5 Nxd5 15.exd5 b5
16.Ne2 Na6 17.Qg7 O-O-O 18.Nc3 Nc7 19.Qd4 Qxd4 20.Rxd4 a6 21.Bg2 h5 22.g5 Bf5
23.h4 e5 24.dxe6 Nxe6 25.Rb4 d5 26.a4 d4 27.Ne4 d3 28.axb5 axb5 29.Rd1 Nd4
30.Bf1 Rd5 31.Rxd3  1/2-1/2

[Event "CRO-chT2"]
[Site "Pula"]
[Date "1998.??.??"]
[Round "8"]
[White "Muse, Drazen"]
[Black "Jurkovic, Ante"]
[Result "1/2-1/2"]
[WhiteElo "2315"]
[BlackElo "2320"]

1.d4 Nf6 2.Bg5 Ne4 3.Bf4 c5 4.f3 Qa5+ 5.c3 Nf6 6.Nd2 cxd4 7.Nb3 Qb6 8.cxd4 Nc6
9.e4 e5 10.dxe5 Bb4+ 11.Bd2 Nxe5 12.Bxb4 Qxb4+ 13.Qd2 Qxd2+ 14.Nxd2 d5 15.f4 Nc6
16.e5 Ng4 17.Ngf3 f6 18.h3 Ne3 19.exf6 Nc2+ 20.Kf2 Nxa1 21.fxg7 Rg8 22.Bd3 Nb4
23.Bb5+ Bd7 24.Bxd7+ Kxd7 25.Ne5+ Kd6 26.Rxa1 Rxg7 27.g4 Rc7 28.a3 Rc2 29.Ke3 d4+
30.Ke2 Nd5 31.Nc4+ Kc5 32.b4+ Kb5 33.Kd3 Rxd2+ 34.Nxd2 Nxf4+ 35.Kxd4 Rd8+
36.Kc3 Rd3+ 37.Kc2 Rxh3 38.Rf1 Ne6 39.Rf5+ Kc6 40.b5+ Kd6 41.Ne4+ Ke7 42.Re5 Rxa3
43.Ng5 Kf6 44.Rf5+ Ke7  1/2-1/2

[Event "Recklinghausen op"]
[Site "Recklinghausen"]
[Date "1998.??.??"]
[Round "?"]
[White "Hennig, Dirk"]
[Black "Jaehnisch, Frank"]
[Result "1-0"]
[WhiteElo "2445"]
[BlackElo "2275"]

1.d4 Nf6 2.Bg5 Ne4 3.Bf4 d5 4.f3 Nf6 5.c4 e6 6.Nc3 Bb4 7.a3 Bxc3+ 8.bxc3 O-O
9.e3 c5 10.Bd3 Nh5 11.Bg3 Nxg3 12.hxg3 h6 13.Ne2 Nc6 14.Kf2 b6 15.Rh5 Ne7
16.g4 f5 17.gxf5 cxd4 18.Nxd4 exf5 19.Qb3 dxc4 20.Qxc4+ Kh8 21.e4 fxe4 22.Bxe4 Rb8
23.Re1 Qd6 24.Bc2 Ng8 25.Nb5 Qd7 26.Rd5 Qf7 27.Nd6 Qf6 28.Qe4 g6 29.Qxg6 Qxg6
30.Bxg6 Be6 31.Rd4 Rf6 32.Bb1 Rbf8 33.Re5 Rf4 34.Ke3 R4f6 35.f4  1-0

[Event "Recklinghausen op"]
[Site "Recklinghausen"]
[Date "1998.??.??"]
[Round "?"]
[White "Hennig, Dirk"]
[Black "Kedziora, Claus"]
[Result "1-0"]
[WhiteElo "2445"]
[BlackElo "2285"]

1.d4 Nf6 2.Bg5 Ne4 3.Bf4 c5 4.f3 Qa5+ 5.c3 Nf6 6.d5 d6 7.e4 g6 8.Nd2 Nbd7
9.Nc4 Qc7 10.a4 Bg7 11.Nh3 O-O 12.Nf2 b6 13.Be2 a6 14.O-O Bb7 15.Qd2 Rfb8
16.Bh6 Bh8 17.g4 Bc8 18.f4 b5 19.Ne3 c4 20.g5 Ne8 21.axb5 axb5 22.Rxa8 Rxa8
23.Nc2 Nc5 24.Nd4 Bd7 25.f5 Qb6 26.Kh1 Ra2 27.Qf4 Be5 28.Qf3 Nc7 29.Ng4 Be8
30.Nc6  1-0

[Event "SWE-ch qualA"]
[Site "Ronneby"]
[Date "1998.??.??"]
[Round "?"]
[White "Rundqvist, Patrik"]
[Black "Landgren, Andreas"]
[Result "1/2-1/2"]
[WhiteElo "2175"]
[BlackElo "2050"]

1.d4 Nf6 2.Bg5 Ne4 3.h4 h6 4.Bf4 c5 5.e3 Nc6 6.d5 e5 7.Bd3 Nxf2 8.Kxf2 exf4
9.dxc6 fxe3+ 10.Kxe3 dxc6 11.Nf3 Be6 12.c4 Qc7 13.Nc3 O-O-O 14.Qc2 Kb8 15.Ne2 Be7
16.Rad1 Bf6 17.Kf2 g5 18.h5 g4 19.Nd2 g3+ 20.Kf1 Bg4  1/2-1/2

[Event "Saint Vincent op"]
[Site "Saint Vincent"]
[Date "1998.??.??"]
[Round "9"]
[White "Miladinovic, Igor"]
[Black "Manca, Federico"]
[Result "1-0"]
[WhiteElo "2565"]
[BlackElo "2375"]

1.d4 Nf6 2.Bg5 Ne4 3.h4 h6 4.Bf4 d5 5.Nd2 Bf5 6.Nxe4 Bxe4 7.f3 Bh7 8.c3 c6
9.e3 Qb6 10.Qd2 Nd7 11.Nh3 f6 12.Bd3 Bxd3 13.Qxd3 O-O-O 14.O-O-O e5 15.Bg3 Bd6
16.Bf2 Qa5 17.Kb1 Rhe8 18.h5 e4 19.fxe4 Rxe4 20.Be1 Rde8 21.Bd2 Rg4 22.Qe2 Rg3
23.Rde1 Qb5 24.Qxb5 cxb5 25.Re2 Nb6 26.b3 Kd7 27.Kc2 Bc7 28.Kd3 Bd6 29.Rf1 Re7
30.Rf3 Rg4 31.Be1 Bc7 32.g3 Bd6 33.Rg2 Rge4 34.Bd2 Bc7 35.Bc1 Bd6 36.Nf2 Kc6
37.Rg1 Re8 38.Rh1 Bc7 39.Kc2 R4e6 40.Rh4 Nc8 41.Rg4 R8e7 42.Kd3 Bd6 43.e4 Nb6
44.Rf5 Bc7 45.Bd2 Re8 46.exd5+ Nxd5 47.Rxd5 Kxd5 48.c4+ bxc4+ 49.bxc4+ Kd6
50.Rxg7 Re2 51.Bf4+ Kc6 52.Rxc7+ Kb6 53.Nd1 Rxa2 54.Nc3  1-0

[Event "Balazs mem op"]
[Site "Salgotarjan"]
[Date "1998.??.??"]
[Round "4"]
[White "Szabo, Ervin"]
[Black "Binder, Tamas"]
[Result "0-1"]
[WhiteElo "2180"]
[BlackElo "2235"]

1.d4 Nf6 2.Bg5 Ne4 3.Bf4 d5 4.f3 Nf6 5.e3 e6 6.Bg5 Be7 7.Bd3 c5 8.c3 Qb6
9.Qc1 Nc6 10.f4 Bd7 11.Nf3 Rc8 12.O-O cxd4 13.exd4 Nb4 14.Be2 Bb5 15.Qd1 Nc6
16.Re1 Bxe2 17.Rxe2 O-O 18.Rc2 Qc7 19.Re2 b5 20.Bxf6 Bxf6 21.Ne5 b4 22.Qa4 Nxd4
23.Re1 Nc6 24.Nxc6 Qxc6 25.Qxb4 Rb8 26.Qa3 Qb6+  0-1

[Event "San Jose op"]
[Site "San Jose"]
[Date "1998.??.??"]
[Round "5"]
[White "Brosa, J."]
[Black "Landa, FJ."]
[Result "1/2-1/2"]
[WhiteElo "2140"]
[BlackElo "2010"]

1.d4 Nf6 2.Bg5 Ne4 3.Bf4 c5 4.dxc5 Qa5+ 5.Nd2 Nxc5 6.c3 Qa4 7.e3 Qxd1+ 8.Rxd1 d5
9.b4 Na4 10.Nb1 e6 11.Nf3 Nc6 12.Bb5 Nb2 13.Rd2 Nc4 14.Rd4 Bd7 15.Rd1  1/2-1/2

[Event "San Jose op"]
[Site "San Jose"]
[Date "1998.??.??"]
[Round "7"]
[White "Valiente Roy, Javier"]
[Black "Roche Simon, Manuel Angel"]
[Result "0-1"]
[WhiteElo "2100"]
[BlackElo "2175"]

1.d4 Nf6 2.Bg5 Ne4 3.Bf4 c5 4.f3 Nf6 5.dxc5 Nc6 6.Nc3 e5 7.Bg5 Bxc5 8.Qd2 Bb4
9.O-O-O Qa5 10.Kb1 d5 11.Bxf6 gxf6 12.Qxd5 Bxc3 13.bxc3 Qxc3 14.e4 Be6 15.Qd2 Qa3
16.c3 Rd8  0-1

[Event "Staufer op 10th"]
[Site "Schwaebisch Gmuend"]
[Date "1998.??.??"]
[Round "8"]
[White "Heinzel, Olaf"]
[Black "Klovans, Janis"]
[Result "0-1"]
[WhiteElo "2365"]
[BlackElo "2460"]

1.d4 Nf6 2.Bg5 Ne4 3.Bf4 c5 4.f3 Nf6 5.d5 Qb6 6.e4 Qxb2 7.Nd2 Qb4 8.Rb1 Qa5
9.Rb5 Qd8 10.d6 b6 11.Nh3 Nc6 12.Nc4 Nd4 13.Rb1 b5 14.c3 bxc4 15.cxd4 Qa5+
16.Kf2 Qxa2+ 17.Be2 exd6 18.d5 Qa5 19.Bxc4 Be7 20.Bd2 Qc7 21.Qa4 Bd8 22.Nf4 O-O
23.Ne2 a5 24.Nc3 Ba6 25.Nb5 Bxb5 26.Rxb5 Qc8 27.Rhb1 Bc7 28.g4 Qe8 29.Bc3 Bd8
30.Be2 h5 31.h3 Nh7 32.Kg2 Bf6 33.Bxa5 Qe5 34.Qd1 Bh4 35.Be1 Bxe1 36.Qxe1 Ra2
37.Rb8 h4 38.Rxf8+ Nxf8 39.Rb8 g5 40.Qf2 Kg7 41.Qe1 Ng6  0-1

[Event "RUS-chJ Girls"]
[Site "Sochi"]
[Date "1998.??.??"]
[Round "?"]
[White "Koroljova, Valerija"]
[Black "Trofimova, Antonia"]
[Result "1-0"]
[WhiteElo "2195"]
[BlackElo "2205"]

1.d4 Nf6 2.Bg5 Ne4 3.Bh4 d5 4.f3 Nf6 5.Nd2 Nc6 6.e3 g6 7.c3 Bg7 8.Bxf6 Bxf6
9.f4 Bg7 10.Bd3 e6 11.Ngf3 Ne7 12.Qe2 c6 13.g4 Qc7 14.Rf1 Bd7 15.O-O-O c5
16.Ne5 c4 17.Bc2 f5 18.Ndf3 b5 19.a3 a5 20.Kd2 Rb8 21.h4 b4 22.Rb1 b3 23.Bd1 Bxe5
24.Nxe5 Kf8 25.Qg2 Kg7 26.Bf3 Bc6 27.Rh1 Rbg8 28.Rbg1 Qc8 29.h5 Qe8 30.Qh3 Bb7
31.h6+ Kf8 32.Qh4 g5 33.fxg5 Ng6 34.Qg3 Ke7 35.gxf5 exf5 36.Bh5 Kd8 37.Rf1 Bc8
38.Rhg1 a4 39.Nxg6 hxg6 40.Qd6+ Qd7 41.Qf6+ Qe7 42.Bxg6 Qxf6 43.gxf6 Rxh6
44.f7 Rf8 45.Bxf5 Rh2+ 46.Kc1 Bxf5 47.Rxf5 Ke7 48.Rgf1 Rc2+ 49.Kb1 Re2  1-0

[Event "St Helier op"]
[Site "St Helier"]
[Date "1998.??.??"]
[Round "4"]
[White "Gunter, David WW"]
[Black "Vigus, James"]
[Result "1-0"]
[WhiteElo "2185"]
[BlackElo "2260"]

1.d4 Nf6 2.Bg5 Ne4 3.Bf4 d5 4.Nd2 c5 5.e3 Qb6 6.Ngf3 Nxd2 7.Nxd2 cxd4 8.exd4 Qxd4
9.Bxb8 Rxb8 10.Bb5+ Bd7 11.Bxd7+ Kxd7 12.O-O e6 13.c3 Qf4 14.g3 Qd6 15.Qa4+ Qc6
16.Qf4 Be7 17.Qxf7 Rbf8 18.Qxg7 Kd8 19.Nb3 Bf6 20.Qh6 Kc8 21.Qe3 Kb8 22.Nd4 Bxd4
23.cxd4 Ka8 24.Rfe1 Qb6 25.Re2 Rc8 26.Rae1 a6 27.Qe5 Rhf8 28.a3 Ka7 29.h4 Rc6
30.Kg2 Rf5 31.Qe3 Qc7 32.Qd3 Rf6 33.Rd1 Rf8 34.Rdd2 Rc8 35.Re5 Rf8 36.Rde2 Rf6
37.Qd2 Qb6 38.Qe3 Qc7 39.Qd3 Rg6 40.R5e3 Qg7 41.Re5 Qc7 42.h5 Rf6 43.Qe3 Qf7
44.Qd2 Qg7 45.a4 Qg4 46.Qe3 Qg7 47.b4 Qd7 48.b5 Rd6 49.Qc3 Rf8 50.Rc2 Kb8
51.Qc5 Qd8 52.f4 Rf7 53.Re3 Rfd7 54.Rec3 Qe7 55.Qc8+ Ka7 56.Rc7  1-0

[Event "Petrov mem"]
[Site "St Petersburg"]
[Date "1998.??.??"]
[Round "1"]
[White "Moiseenko, Alexander"]
[Black "Jobava, Baadur"]
[Result "0-1"]
[WhiteElo "2435"]
[BlackElo "2190"]

1.d4 Nf6 2.Bg5 Ne4 3.Bf4 c5 4.f3 Nf6 5.d5 Qb6 6.e4 Qxb2 7.Nd2 Qc3 8.Ne2 Qa5
9.Kf2 d6 10.g4 Nbd7 11.Ng3 h5 12.Nc4 Qc7 13.gxh5 Nxh5 14.Nxh5 Rxh5 15.Rb1 g6
16.h4 Bg7 17.Bh3 Nb6 18.Bxc8 Rxc8 19.Nxb6 axb6 20.c4 Ra8 21.a4 Kf8 22.Rb5 Bf6
23.Bg5 Bd4+ 24.Kg3 Kg7 25.Qb3 Rah8 26.Qb1 f6 27.Bd2 Qd7 28.Qf1 g5 29.Qh3 Qe8
30.Qe6 Rxh4 31.Rxh4 Rxh4 32.Rxb6 Rh1 33.f4 Rg1+  0-1

[Event "Petrov mem"]
[Site "St Petersburg"]
[Date "1998.??.??"]
[Round "2"]
[White "Rusanov, Michail"]
[Black "Moskvitin, Valerij"]
[Result "1-0"]
[WhiteElo "2410"]
[BlackElo "2170"]

1.d4 Nf6 2.Bg5 Ne4 3.Bf4 d5 4.f3 Nd6 5.Nc3 c6 6.e4 e6 7.Qd2 Be7 8.O-O-O Nd7
9.Bd3 Nb6 10.Bxd6 Qxd6 11.Nge2 Bd7 12.Kb1 O-O-O 13.e5 Qb4 14.a3 Qa5 15.f4 g6
16.Rhf1 Kb8 17.Ne4 Qxd2 18.Nxd2 c5 19.dxc5 Bxc5 20.c3 a6 21.Nd4 Rc8 22.Rc1 Rc7
23.N2f3 h6 24.Ka2 Rhc8 25.g4 Ka7 26.h4 Rg8 27.b3 Nc8 28.Rh1 Ne7 29.Kb2 Nc6
30.a4 Be7 31.Rcf1 Nxd4 32.Nxd4 Rgc8 33.Rc1 Rh8 34.f5 gxf5 35.gxf5 Rg8 36.f6 Bc5
37.Rcg1 Rgc8 38.Rg7 Be8 39.Rg8 Bb6 40.Ne2 Rc6 41.Rh3 Bf2 42.Bb1 Bd7 43.Rg7 Rf8
44.Nd4 Rcc8 45.Rg2 Bxd4 46.cxd4 b5 47.axb5 Bxb5 48.Rc3 Rxc3 49.Kxc3 Kb6 50.Rg7 Be2
51.Rh7 h5 52.Rg7 Bg4 53.Kb2 Be2 54.Bh7 Bb5 55.Rg8 Re8 56.Rxe8 Bxe8 57.Bd3 Bb5
58.Bg6 fxg6 59.f7 Bd3 60.f8=Q Bf5  1-0

[Event "Petrov mem"]
[Site "St Petersburg"]
[Date "1998.??.??"]
[Round "4"]
[White "Chepukaitis, Genrikh"]
[Black "Zakharevich, Igor"]
[Result "0-1"]
[WhiteElo "2420"]
[BlackElo "2530"]

1.d4 Nf6 2.Bg5 Ne4 3.Bh4 c5 4.f3 g5 5.fxe4 gxh4 6.e3 Bh6 7.Kf2 cxd4 8.exd4 e5
9.Qh5 Qf6+ 10.Nf3 exd4 11.Na3 Be3+ 12.Ke1 d6 13.Qxh4 Qxh4+ 14.Nxh4 Be6 15.Nb5 Kd7
16.Rd1 Nc6 17.Nf3 Rac8 18.c3 dxc3 19.Nxc3 Ke7 20.Nd5+ Bxd5 21.exd5 Nb4 22.a3 Nc2+
23.Ke2 Rhe8 24.Kd3 Kf8 25.Ne1 Nd4 26.g3 Nb3 27.Ke2 Bd2+  0-1

[Event "Petrov mem"]
[Site "St Petersburg"]
[Date "1998.??.??"]
[Round "5"]
[White "Krasnov, Vasiliy G"]
[Black "Vorobiov, Evgeny E"]
[Result "0-1"]
[WhiteElo "2250"]
[BlackElo "2475"]

1.d4 Nf6 2.Bg5 Ne4 3.Bf4 c5 4.f3 Qa5+ 5.c3 Nf6 6.d5 e6 7.e4 d6 8.dxe6 Bxe6
9.Bxd6 Bxd6 10.Qxd6 Nc6 11.Nd2 Rd8 12.Qf4 O-O 13.Ne2 Qb6 14.b3 c4 15.Nxc4 Bxc4
16.bxc4 Rd3 17.Qc1 Qa5 18.h4 Rfd8 19.Qb2 a6 20.Rh3 Re3 21.Rb1 Ne5 22.Kf2 Nd3+
23.Kxe3 Nxb2 24.Rxb2 Nd7 25.Rc2 Qb6+ 26.Nd4 Qb1 27.Kf2 Nc5 28.Rd2 Na4 29.Bd3 Qa1
30.e5 Qxc3 31.Ke2 Rxd4 32.f4 Kf8 33.Re3 Nc5 34.f5 Nxd3 35.Rexd3 Qxc4  0-1

[Event "St Raphael op"]
[Site "St Raphael"]
[Date "1998.??.??"]
[Round "?"]
[White "Lebel Arias, Julia"]
[Black "Lazarev, Vladimir"]
[Result "0-1"]
[WhiteElo "2105"]
[BlackElo "2490"]

1.d4 Nf6 2.Bg5 Ne4 3.Bf4 c5 4.f3 Nf6 5.d5 e6 6.e4 Qb6 7.Nc3 a6 8.Rb1 d6 9.Bc4 Qb4
10.Bf1 Nxd5 11.Bd2 Nxc3 12.Bxc3 Qb6 13.b4 cxb4 14.Rxb4 Qc7 15.Rb3 Nc6 16.Qd2 b5
17.a3 e5 18.Bd3 Be6 19.Rb1 Be7 20.Ne2 O-O 21.O-O Rfd8 22.Kh1 d5 23.exd5 Bxd5
24.Qc1 Na5 25.Re1 Nc4 26.Bb4 h6 27.Nc3 Be6 28.Ne4 Rac8 29.Re2 a5 30.Bxe7 Qxe7
31.Bxc4 Bxc4 32.Rd2 Rxd2 33.Qxd2 Qxa3 34.Qd7 Qf8 35.Rd1 a4 36.Nd6 Rd8 37.Qc6 a3  0-1

[Event "SVK-chT1W 9798"]
[Site "SVK"]
[Date "1998.??.??"]
[Round "?"]
[White "Bombek, Peter"]
[Black "Surovcik, Eugen"]
[Result "1-0"]
[WhiteElo "2220"]
[BlackElo "1780"]

1.d4 Nf6 2.Bg5 Ne4 3.Bh4 d5 4.f3 Nd6 5.Nd2 Bf5 6.c4 dxc4 7.e4 Bg6 8.Nxc4 Nxc4
9.Bxc4 c6 10.Ne2 Qa5+ 11.Nc3 e6 12.Qb3 Qb4 13.O-O Qxb3 14.Bxb3 Bd6 15.d5 exd5
16.exd5 O-O 17.Rfe1 Rc8 18.Rad1 Kf8 19.Bf2 Bb4 20.a3 Be7 21.d6 Bf6 22.d7 Rd8
23.Bc5+  1-0

[Event "SVK-chT1W 9798"]
[Site "SVK"]
[Date "1998.??.??"]
[Round "?"]
[White "Mojzis, Marcel"]
[Black "Mokos, Jozef"]
[Result "1-0"]
[WhiteElo "2155"]
[BlackElo "2260"]

1.d4 Nf6 2.Bg5 Ne4 3.h4 c5 4.d5 Qb6 5.Qc1 g6 6.Nd2 Nxd2 7.Bxd2 Bg7 8.Bc3 Bxc3+
9.bxc3 Qf6 10.Qd2 d6 11.Rb1 Nd7 12.e3 Ne5 13.Bb5+ Kf8 14.Be2 Rb8 15.h5 g5
16.c4 b6 17.Nf3 Ng4 18.e4 h6 19.Rb3 Kg7 20.O-O Rg8 21.Ne1 Ne5 22.Rg3 Kh7
23.Nf3 Bd7 24.Qe3 Qf4 25.Nxe5 Qxe5 26.Bg4 Bxg4 27.Rxg4 Rg7 28.Rg3 Rgg8 29.Rf3 Rg7
30.Rf5 Qd4 31.e5 dxe5 32.Rxe5 Qxe3 33.Rxe3 Rb7 34.Rfe1 f6 35.a4 Kg8 36.Re6 Kf7
37.g4 Rg8 38.Rc6 Rd8 39.Ree6 Rbd7 40.Kg2 Kf8 41.Kf3 Rd6 42.Rcxd6 Rxd6 43.Ke4 Ke8
44.Kf5 Kf7 45.f3 a6 46.c3 a5 47.Re2 Rd7 48.Rd2 Rd6 49.Rd1 Rd7 50.Re1 Rd8
51.Rb1 Rb8 52.Re1 Rd8 53.f4 gxf4 54.Kxf4 Rd7 55.Re6 Rb7 56.Kf5 Kg7 57.d6 exd6
58.Rxd6 Re7 59.Rxf6 Re3 60.Rg6+ Kh7 61.Rxb6 Rf3+ 62.Ke4 Rxc3 63.Kd5 Ra3 64.Kxc5 Rxa4
65.Ra6 Kg7 66.Kd5 Kh7 67.Ra7+ Kg8 68.Rc7 Ra1 69.Ke5 a4 70.Kf5 a3 71.Kg6 Kf8
72.Kxh6 a2 73.Ra7 Rg1 74.Rxa2 Rxg4 75.c5 Rc4 76.Ra5 Rc1 77.Kg6 Rg1+  1-0

[Event "SVK-chT1W 9798"]
[Site "SVK"]
[Date "1998.??.??"]
[Round "?"]
[White "Kovacik, Emil"]
[Black "Mihalik, Marek"]
[Result "0-1"]
[WhiteElo "2150"]
[BlackElo "2115"]

1.d4 Nf6 2.Bg5 Ne4 3.Bh4 c5 4.f3 g5 5.fxe4 gxh4 6.e3 Qb6 7.Nc3 Bg7 8.Nf3 Nc6
9.Nd5 Qa5+ 10.c3 e6 11.Nf4 cxd4 12.exd4 Bh6 13.Nd3 d6 14.b4 Qh5 15.Be2 h3
16.g3 Qg6 17.e5 dxe5 18.Ndxe5 Nxe5 19.Nxe5 Qe4 20.Qa4+ Kf8 21.Rf1 f5 22.Qb5 b6
23.Rd1 Kg7 24.Qc4 Rf8 25.Qd3 Bb7 26.Qxe4 fxe4 27.Bg4 Rxf1+ 28.Kxf1 e3 29.Ke2 Bg2
30.Bxe6 Rf8 31.Nd3 Bf3+ 32.Ke1 e2 33.Rd2 Bxd2+ 34.Kxd2 Bg2 35.Kxe2 Re8 36.Nf4 Kf6
37.d5 Be4 38.Ke3 Bf5 39.Kd4 Bxe6 40.Nxe6 Rg8 41.Nf4 Rg4 42.Ke4 h5 43.Kf3 Ke5
44.c4 Kd6 45.a4 a5 46.c5+ bxc5 47.bxa5 Rg8 48.Nxh5 Ra8 49.Nf4 Rxa5 50.Nxh3 Kxd5
51.Nf4+ Ke5 52.Ke3 Rxa4 53.Kd3 Ra2 54.h4 Ra1 55.h5 Ra3+ 56.Kc4 Rxg3 57.Ne2 Rg2
58.Nc3 Kd6 59.Ne4+ Kc6 60.Kd3 Rh2  0-1

[Event "SVK-chT 9899"]
[Site "SVK"]
[Date "1998.??.??"]
[Round "4"]
[White "Bombek, Peter"]
[Black "Valent, Ivan"]
[Result "1/2-1/2"]
[WhiteElo "2235"]
[BlackElo "2170"]

1.d4 Nf6 2.Bg5 Ne4 3.Bf4 c5 4.f3 Nf6 5.dxc5 Qa5+ 6.Nc3 Qxc5 7.e4 d6 8.Bb5+ Bd7
9.Qd3 a6 10.Bxd7+ Nbxd7 11.Nge2 g6 12.Be3 Qa5 13.O-O Bg7 14.Nd4 O-O 15.Nb3 Qc7
16.Bd4 Rac8 17.Rf2 b5 18.Rd1 Qb8 19.Re2 Nc5 20.Qe3 Na4 21.Nxa4 bxa4 22.Nc1 Qb5
23.Qd3 Nd7 24.Bxg7 Kxg7 25.Qxb5 axb5 26.Rd5 Rb8 27.Nd3 Rfc8 28.e5 Nxe5 29.Nxe5 dxe5
30.Rdxe5 e6 31.a3 Rc4 32.c3 Kf6 33.Kf2 Rb7 34.R2e4 Ke7 35.Ke3 Kd6 36.f4 Rxe4+
37.Rxe4 Kc5 38.Rd4 f5 39.Kd3 Re7 40.c4 Rb7 41.cxb5 Rxb5 42.Rc4+ Kd5 43.Rxa4 Rxb2
44.Ra5+ Kd6 45.Ra6+  1/2-1/2

[Event "SVK-chT 9798"]
[Site "SVK"]
[Date "1998.??.??"]
[Round "5"]
[White "Meszaros, Gyula"]
[Black "Rasik, Vitezslav"]
[Result "0-1"]
[WhiteElo "2315"]
[BlackElo "2455"]

1.d4 Nf6 2.Bg5 Ne4 3.Bf4 d6 4.Nd2 Nf6 5.e4 g6 6.Ngf3 Bg7 7.Bd3 O-O 8.O-O Nc6
9.Re1 Nxd4 10.Nxd4 e5 11.Be3 exd4 12.Bxd4 b6 13.c3 Bb7 14.Qc2 Re8 15.Nf3 c5
16.Bxf6 Qxf6 17.Bc4 Qf4 18.Bd5 Bxd5 19.exd5 b5 20.Qb3 Reb8 21.Re3 a5 22.Qc2 Qc4
23.Rd3 a4 24.Nd2 Qg4 25.Re1 Qf5 26.Ne4 Re8 27.Qd1 Rxe4  0-1

[Event "Tatry op"]
[Site "Tatranska Lomnica"]
[Date "1998.??.??"]
[Round "5"]
[White "Zambor, Norbert"]
[Black "Kriz, Lubos"]
[Result "1-0"]
[WhiteElo "2280"]
[BlackElo "2145"]

1.d4 Nf6 2.Bg5 Ne4 3.Bf4 d5 4.e3 e6 5.Bd3 Bd6 6.Bxd6 Qxd6 7.Nd2 Nxd2 8.Qxd2 Nd7
9.f4 c5 10.c3 a6 11.Nf3 b5 12.O-O f5 13.Qe2 g6 14.Ne5 c4 15.Bc2 Bb7 16.Qe1 Qe7
17.Kh1 Kd8 18.g4 Nxe5 19.fxe5 Kc7 20.Qg3 Rhg8 21.Rg1 Qf7 22.Raf1 Bc6 23.Rf4 Raf8
24.a3 a5 25.Rf3 a4 26.Qh4 Kd7 27.Rh3 Rg7 28.gxf5 exf5 29.Qh6 Rfg8 30.Rf3 Kc7
31.h4 Qe7 32.Rg5 Bd7 33.Kh2 Qf8 34.e4 dxe4 35.Bxe4 Qe7 36.Bd5 Rd8 37.Rf4 Bc8
38.Bg2 Rd7 39.Kg3 Bb7 40.Bxb7 Kxb7 41.Kf2 Qf7 42.Rfxf5 Qd5 43.Rf3 Rdf7 44.Rg3 Qe4
45.Qe3 Qxh4 46.Kg2 Ka6 47.e6 Rb7 48.Rf8 Qe7 49.Rgf3 Qd6 50.d5 Ra7 51.Qd4 Rge7
52.Rc8 Rec7 53.Rff8 Qe7 54.Rxc7 Qxc7  1-0

[Event "BCF-ch"]
[Site "Torquay"]
[Date "1998.??.??"]
[Round "1"]
[White "Gunter, David WW"]
[Black "Gormally, Daniel"]
[Result "0-1"]
[WhiteElo "2185"]
[BlackElo "2415"]

1.d4 Nf6 2.Bg5 Ne4 3.Bh4 c5 4.f3 g5 5.fxe4 gxh4 6.e3 Bh6 7.Kf2 cxd4 8.exd4 e5
9.Nc3 Nc6 10.Nf3 exd4 11.Nd5 Be3+ 12.Nxe3 dxe3+ 13.Kxe3 Qb6+ 14.Kf4 Rg8 15.h3 d6
16.Qe1 Ne7 17.Nxh4 Qxb2 18.g4 Qe5+ 19.Kf3 Bd7 20.Rb1 Bc6 21.Qb4 a5 22.Qe1 f5
23.Bd3 fxe4+ 24.Bxe4 Rf8+ 25.Nf5 Rxf5+ 26.gxf5 Qxf5+ 27.Kg3 Bxe4 28.Rg1  0-1